Property data report 2011 (Record no. 115302)
[ view plain ]
| 000 -LEADER | |
|---|---|
| fixed length control field | 01005cad a22001935a 4500 |
| 001 - CONTROL NUMBER | |
| control field | L158431 |
| 008 - FIXED-LENGTH DATA ELEMENTS--GENERAL INFORMATION | |
| fixed length control field | 120907s2011 xxkdo f 000 0 eng d |
| 035 ## - SYSTEM CONTROL NUMBER | |
| System control number | (Sirsi) u158431 |
| 041 0# - LANGUAGE CODE | |
| Language code of text/sound track or separate title | eng |
| 110 2# - MAIN ENTRY--CORPORATE NAME | |
| Corporate name or jurisdiction name as entry element | Property Industry Alliance |
| 9 (RLIN) | 5725 |
| 245 00 - TITLE STATEMENT | |
| Title | Property data report 2011 |
| Medium | [electronic resource] |
| 260 ## - PUBLICATION, DISTRIBUTION, ETC. | |
| Place of publication, distribution, etc. | [S.l.] |
| Name of publisher, distributor, etc. | PIA |
| Date of publication, distribution, etc. | 2011 |
| 520 ## - SUMMARY, ETC. | |
| Summary, etc. | Fully updated, this report sets out key facts relating to the UK commercial property market such as the value of the market, the relative size of the various sectors (retail, industrial and office), the average length of leases, rental levels and types of ownership. Information on property debt, and on the sustainability of the commercial property sector, is included for the first time. |
| 590 ## - LOCAL NOTE (RLIN) | |
| Local note | NTK KA |
| 651 #4 - SUBJECT ADDED ENTRY--GEOGRAPHIC NAME | |
| Geographic name | United Kingdom |
| 690 ## - LOCAL SUBJECT ADDED ENTRY--TOPICAL TERM (OCLC, RLIN) | |
| Topical term or geographic name as entry element | Commercial property |
| 9 (RLIN) | 6227 |
| 856 40 - ELECTRONIC LOCATION AND ACCESS | |
| Uniform Resource Identifier | <a href="https://www.bpf.org.uk/sites/default/files/resources/PIA-Property-Data-Report-2011.pdf">https://www.bpf.org.uk/sites/default/files/resources/PIA-Property-Data-Report-2011.pdf</a> |
| Public note | View the research free of charge at www.bpf.org.uk |
| 942 ## - ADDED ENTRY ELEMENTS (KOHA) | |
| Suppress in OPAC | 0 |
| Withdrawn status | Lost status | Source of classification or shelving scheme | Damaged status | Not for loan | Home library | Current library | Shelving location | Date acquired | Total Checkouts | Full call number | Barcode | Date last seen | Copy number | Price effective from | Koha item type |
|---|---|---|---|---|---|---|---|---|---|---|---|---|---|---|---|
| Dewey Decimal Classification | Virtual | Virtual | Online | 13/02/2015 | ONLINE PUBLICATION | 158431-2001 | 06/08/2019 | 1 | 06/08/2019 | Book |